Rusalka / (Record no. 196097)

MARC details
000 -LEADER
campo de control de longitud fija 03201njm a2200637 i 4500
001 - NÚMERO DE CONTROL
campo de control 196097
003 - IDENTIFICADOR DE NÚMERO DE CONTROL
campo de control ES-MaACL
005 - FECHA Y HORA DE LA ÚLTIMA TRANSACCIÓN
campo de control 20250904042258.0
007 - CAMPO FIJO DE DESCRIPCIÓN FÍSICA--INFORMACIÓN GENERAL
campo de control de longitud fija sd*fsngnnmmned
008 - DATOS DE LONGITUD FIJA--INFORMACIÓN GENERAL
campo de control de longitud fija 240209s2006 sp opn d / cze
015 ## - NÚMERO DE BIBLIOGRAFÍA NACIONAL
Número de bibliografía nacional SON06
017 ## - NÚMERO DE COPYRIGHT O DE DEPÓSITO LEGAL
Número de copyright o de depósito legal M 48052-2006
Agencia que asigna Oficina Depósito Legal Madrid
020 ## - NÚMERO INTERNACIONAL ESTÁNDAR DEL LIBRO
Número Internacional Estándar del Libro 9788496832220
035 ## - NÚMERO DE CONTROL DEL SISTEMA
Número de control de sistema (OCoLC)733210514
035 ## - NÚMERO DE CONTROL DEL SISTEMA
Número de control de sistema (SpMaBN)a4579717
040 ## - FUENTE DE CATALOGACIÓN
Centro catalogador/agencia de origen SpMaBN
Lengua de catalogación spa
Centro/agencia transcriptor SpMaBN
Normas de descripción rdc
084 ## - OTRO NÚMERO DE CLASIFICACIÓN
Número de clasificación 5
Fuente del número MU
100 1# - ENTRADA PRINCIPAL--NOMBRE DE PERSONA
Nombre de persona Dvořák, Antonín,
Fechas asociadas al nombre 1841-1904
9 (RLIN) 240609
Término indicativo de función/relación Compositor
240 10 - TÍTULO UNIFORME
Título uniforme Rusalka
245 10 - MENCIÓN DEL TÍTULO
Título Rusalka /
Mención de responsabilidad, etc. Dvorak ; libreto de Jaroslav Kvapil
Medio [Grabación sonora]
260 ## - PUBLICACIÓN, DISTRIBUCIÓN, ETC.
Lugar de publicación, distribución, etc. Madrid :
Nombre del editor, distribuidor, etc. Prisa Innova,
Fecha de publicación, distribución, etc. D.L. 2006
264 ## - PRODUCCIÓN, PUBLICACIÓN, DISTRIBUCIÓN, FABRICACIÓN Y COPYRIGHT
Producción, publicación, distribución, fabricación y copyright ©2007
300 ## - DESCRIPCIÓN FÍSICA
Extensión 2 discos (CD Audio) +
Material acompañante/anejo 1 libro (61 páginas)
336 ## - TIPO DE CONTENIDO
Fuente rdacontent
Término de tipo de contenido música (interpretada)
337 ## - TIPO DE MEDIO
Fuente rdamedia
Nombre/término del tipo de medio audio
338 ## - TIPO DE SOPORTE
Fuente rdacarrier
Nombre/término del tipo de soporte volumen
490 1# - MENCIÓN DE SERIE
Mención de serie Los clásicos de la ópera, 400 años ;
Designación de volumen o secuencia 21
500 ## - NOTA GENERAL
Nota general Remasterizado
511 1# - NOTA DE PARTICIPANTES O INTÉRPRETES
Nota de participantes o intérpretes Ludmila Cervinková, Beno Blachut, Eduard Haken, Marta Krásová, Marie Podvalová, Mária Tauberová, Miloslava Fidlerová, Vera Krilová, Jirí Joran, Ludmila Hanzalíková, Premysl Kocí ; Orquesta y Coro del Teatro Nacional de Praga ; Jaroslav Krombholc, director musical.
518 ## - NOTA DE FECHA/HORA Y LUGAR DE UN ACONTECIMIENTO
Nota de fecha/hora y lugar de un acontecimiento Grabado en el estudio Domovina, Praga, en mayo de 1952
520 ## - RESUMEN, ETC.
Sumario, etc. Impulsado por el ejemplo de su compatriota Bedrich Smetana, Antonín Dvořák (1841-1904) trató durante toda su vida de crear una ópera nacional checa, pero alcanzó tal éxito en el terreno orquestal que su producción escénica tuvo que conformarse con una posición menos relevante, a excepción de Rusalka, estrenada triunfalmente en Praga en 1901. La imaginativa escritura orquestal, el suntuoso colorido y la brillantez melódica han hecho de la trágica historia de la ondina enamorada un clásico de la ópera romántica.
650 #7 - PUNTO DE ACCESO ADICIONAL DE MATERIA--TÉRMINO DE MATERIA
Término de materia o nombre geográfico como elemento de entrada Óperas-
9 (RLIN) 137584
Subdivisión de forma Libretos
655 #7 - TERMINO DE INDIZACIÓN--GENERO/FORMA
Datos o término principal de género/forma Libretos
Fuente del término
9 (RLIN) 242219
700 1# - ENTRADA AGREGADA--NOMBRE PERSONAL
Nombre de persona Kvapil, Jaroslav,
Fechas asociadas al nombre 1868-1950-
Título de la obra Rusalka-
Lenguaje de la obra Español-Checo
9 (RLIN) 238214
Término indicativo de función/relación Libretista
700 1# - ENTRADA AGREGADA--NOMBRE PERSONAL
Nombre de persona Červinková, Ludmila
9 (RLIN) 238215
Término indicativo de función/relación Intérprete
700 1# - ENTRADA AGREGADA--NOMBRE PERSONAL
Nombre de persona Blachut, Beno
9 (RLIN) 238216
Término indicativo de función/relación Intérprete
700 1# - ENTRADA AGREGADA--NOMBRE PERSONAL
Nombre de persona Haken, Eduard
9 (RLIN) 238217
Término indicativo de función/relación Intérprete
700 1# - ENTRADA AGREGADA--NOMBRE PERSONAL
Nombre de persona Krásová, Marta
9 (RLIN) 238218
Término indicativo de función/relación Intérprete
700 1# - ENTRADA AGREGADA--NOMBRE PERSONAL
Nombre de persona Podvalová, Marie
9 (RLIN) 238219
Término indicativo de función/relación Intérprete
700 1# - ENTRADA AGREGADA--NOMBRE PERSONAL
Nombre de persona Tauberová, Mária
9 (RLIN) 238220
Término indicativo de función/relación Intérprete
700 1# - ENTRADA AGREGADA--NOMBRE PERSONAL
Nombre de persona Fidlerová, Miloslava
9 (RLIN) 238221
Término indicativo de función/relación Intérprete
700 1# - ENTRADA AGREGADA--NOMBRE PERSONAL
Nombre de persona Krilová, Vera
9 (RLIN) 238222
Término indicativo de función/relación Intérprete
700 1# - ENTRADA AGREGADA--NOMBRE PERSONAL
Nombre de persona Joran, Jiři
Término indicativo de función/relación Intérprete
9 (RLIN) 240611
700 1# - ENTRADA AGREGADA--NOMBRE PERSONAL
Nombre de persona Hanzalíková, Ludmila
Término indicativo de función/relación Intérprete
9 (RLIN) 240612
700 1# - ENTRADA AGREGADA--NOMBRE PERSONAL
Nombre de persona Kočí, Přemysl
Término indicativo de función/relación Intérprete
9 (RLIN) 240613
700 1# - ENTRADA AGREGADA--NOMBRE PERSONAL
Nombre de persona Krombholc, Jaroslav,
Fechas asociadas al nombre 1918-1983
9 (RLIN) 238223
Término indicativo de función/relación Director musical
710 2# - ENTRADA AGREGADA--NOMBRE DE ENTIDAD CORPORATIVA
Nombre de entidad corporativa o nombre de jurisdicción como elemento de entrada Národní divadlo v Praze-
Unidad subordinada Orchestr
9 (RLIN) 238224
710 2# - ENTRADA AGREGADA--NOMBRE DE ENTIDAD CORPORATIVA
Nombre de entidad corporativa o nombre de jurisdicción como elemento de entrada Národní divadlo v Praze-
Unidad subordinada Sbor
9 (RLIN) 238225
852 ## - LOCALIZACIÓN
Ubicación ES-MaACL
Sublocalización o colección R.155035
Ubicación en estantería Depósito J
Número de control de estantería N-9816
Donativo/Legado Donación: Miren Fernández
Encuadernación Encuadernación cartoné
Designación de la unidad física Volumen 21
itemnumber 205689
903 ## - NOMBRE PERSONAL DE DONANTE
a Fernández, Miren
e Donante
942 ## - ELEMENTOS DE ENTRADA SECUNDARIOS (KOHA)
Tipo de ítem Koha Libro impreso
Suprimir en OPAC No
Holdings
Estatus retirado Estado de pérdida Fuente del sistema de clasificación o colocación Estado de daño No para préstamo Biblioteca de origen Biblioteca actual Ubicación en estantería Fecha de adquisición Fuente de adquisición Total de préstamos Signatura topográfica completa Código de barras Visto por última vez Precio de reemplazo Tipo de ítem Koha
    Clasificación decimal universal     Biblioteca del Ateneo de Madrid Biblioteca del Ateneo de Madrid Depósito J 22/05/2025 Donación   N-9816 101230121 22/05/2025 22/05/2025 Libro impreso